_Special Edition Using Microsoft Office Outlook 2007 (1st ed.) / Patricia DiGiacomo (Record no. 7687)
[ view plain ]
| 000 -LEADER | |
|---|---|
| fixed length control field | 00451nam a2200145Ia 4500 |
| 008 - FIXED-LENGTH DATA ELEMENTS--GENERAL INFORMATION | |
| fixed length control field | 151021s9999 xx 000 0 und d |
| 020 ## - INTERNATIONAL STANDARD BOOK NUMBER | |
| International Standard Book Number | 789736063 |
| 050 ## - LIBRARY OF CONGRESS CALL NUMBER | |
| Classification number | HF 5548.4 .M5255 C37 2007 |
| 245 ## - TITLE STATEMENT | |
| Title | _Special Edition Using Microsoft Office Outlook 2007 (1st ed.) / Patricia DiGiacomo |
| 260 ## - PUBLICATION, DISTRIBUTION, ETC. (IMPRINT) | |
| Place of publication, distribution, etc. | New York : Que, 2007 |
| 300 ## - PHYSICAL DESCRIPTION | |
| Extent | 998 p. |
| 500 ## - GENERAL NOTE | |
| General note | Includes index |
| 650 ## - SUBJECT ADDED ENTRY--TOPICAL TERM | |
| Topical term or geographic name as entry element | _Microsoft Outlook |
| 980 ## - EQUIVALENCE OR CROSS-REFERENCE-SERIES STATEMENT--PERSONAL NAME/TITLE [LOCAL, CANADA] | |
| Personal name | ^d20110711 10:00:37^okilerai |
No items available.